[Event "WYCC U14 Girls 2019"]
[Site "Mumbai"]
[Date "2019.10.07"]
[Round "7.6"]
[White "De Rycke, Tyani"]
[Black "Allahverdiyeva, Ayan"]
[Result "0-1"]
[WhiteElo "1891"]
[BlackElo "2160"]
[Annotator "ChessBase"]
[PlyCount "142"]
[EventDate "2019.10.02"]
[EventType "swiss"]
[EventCountry "IND"]
[SourceTitle "playchess.com"]
[Source "ChessBase"]
[SourceQuality "1"]
[TimeControl "40/5400+30:1800+30"]

1. e4 {[%emt 0:00:00]} c5 {[%emt 0:00:47]} 2. Nc3 {[%emt 0:00:00]} Nc6 {[%emt 0:00:26]} 3. g3 {[%emt 0:00:00]} g6 {[%emt 0:00:31]} 4. Bg2 {[%emt 0:00:00]} Bg7 {[%emt 0:00:05]} 5. d3 {[%emt 0:00:06]} d6 {[%emt 0:00:20]} 6. Be3 {[%emt 0:00:20]} e5 {[%emt 0:00:46]} 7. Qd2 {[%emt 0:00:25]} Be6 {[%emt 0:05:44]} 8. f4 {[%emt 0:00:20]} Nge7 {[%emt 0:00:30]} 9. Nf3 {[%emt 0:00:39]} Nd4 {[%emt 0:00:22]} 10. Ng5 {[%emt 0:00:33]} Bd7 {[%emt 0:03:18]} 11. O-O {[%emt 0:02:46]} O-O {[%emt 0:02:11]} 12. fxe5 {[%emt 0:10:49]} dxe5 {[%emt 0:04:21]} 13. Nd5 {[%emt 0:03:33]} Nxd5 {[%emt 0:05:36]} 14. exd5 {[%emt 0:00:10]} Bh6 {[%emt 0:00:30]} 15. Ne4 {[%emt 0:19:32]} Bxe3+ {[%emt 0:02:01]} 16. Qxe3 {[%emt 0:00:07]} f5 {[%emt 0:01:49]} 17. Nxc5 {[%emt 0:05:39]} Nxc2 {[%emt 0:00:22]} 18. Qxe5 {[%emt 0:02:07]} Nxa1 {[%emt 0:00:30]} 19. Rxa1 {[%emt 0:06:40]} Re8 {[%emt 0:10:13]} 20. Qd6 {[%emt 0:07:35]} Bc8 {[%emt 0:00:00]} 21. Qe5 {[%emt 0:00:00]} Bd7 {[%emt 0:01:00]} 22. Qd6 {[%emt 0:01:00]} Bc8 {[%emt 0:33:26]} 23. Qxd8 {[%emt 0:12:29]} Rxd8 {[%emt 0:00:05]} 24. d4 {[%emt 0:01:25]} b6 {[%emt 0:04:11]} 25. Ne6 {[%emt 0:00:54]} Rd7 {[%emt 0:02:30]} 26. a4 {[%emt 0:15:44]} a5 {[%emt 0:03:36]} 27. Rb1 {[%emt 0:03:44]} Bb7 {[%emt 0:01:12]} 28. b4 {[%emt 0:00:15]} axb4 {[%emt 0:05:16]} 29. Rxb4 {[%emt 0:00:08]} Rc8 {[%emt 0:00:51]} 30. Rxb6 {[%emt 0:01:28]} Rc1+ {[%emt 0:00:04]} 31. Kf2 {[%emt 0:00:22]} Rc2+ {[%emt 0:00:04]} 32. Kg1 {[%emt 0:00:17]} Bxd5 {[%emt 0:00:13]} 33. Rb8+ {[%emt 0:01:46]} Kf7 {[%emt 0:00:41]} 34. Bxd5 {[%emt 0:02:23]} Rxd5 {[%emt 0:00:05]} 35. Ng5+ {[%emt 0:00:21]} Ke7 {[%emt 0:00:43]} 36. Rb7+ {[%emt 0:01:14]} Kd6 {[%emt 0:00:15]} 37. Rb6+ {[%emt 0:01:06]} Kd7 {[%emt 0:02:42]} 38. Nf3 {[%emt 0:00:57]} Ra2 {[%emt 0:04:09]} 39. Ra6 {[%emt 0:01:08]} g5 {[%emt 0:00:48]} 40. Ra7+ {[%emt 0:00:44]} Kc8 {[%emt 0:00:13]} 41. Rxh7 {[%emt 0:31:03]} g4 {[%emt 0:30:07]} 42. Rh8+ {[%emt 0:00:19]} Kc7 43. Rh7+ {[%emt 0:00:00]} Kb6 {[%emt 0:00:00]} 44. Rh6+ {[%emt 0:00:00]} Ka5 {[%emt 0:00:00]} 45. Ne5 {[%emt 0:00:00]} Rxa4 {[%emt 0:00:00]} 46. Rh8 {[%emt 0:00:00]} Kb6 {[%emt 0:00:00]} 47. Rh6+ {[%emt 0:00:00]} Kb5 {[%emt 0:00:00]} 48. Nc6 {[%emt 0:00:00]} Ra2 {[%emt 0:00:00]} 49. Rf6 {[%emt 0:00:00]} Kc4 {[%emt 0:00:00]} 50. Re6 {[%emt 0:00:00]} Rb5 {[%emt 0:00:13]} 51. Re1 {[%emt 0:00:00]} Rbb2 {[%emt 0:00:24]} 52. Rc1+ {[%emt 0:00:00]} Kb5 {[%emt 0:03:15]} 53. d5 {[%emt 0:00:29]} Rg2+ {[%emt 0:00:33]} 54. Kf1 {[%emt 0:00:14]} Rxh2 {[%emt 0:00:12]} 55. Nd4+ {[%emt 0:00:52]} Kb6 {[%emt 0:00:22]} 56. Rb1+ {[%emt 0:04:05]} Kc5 {[%emt 0:03:15]} 57. Ne6+ {[%emt 0:00:27]} Kd6 {[%emt 0:01:20]} 58. Kg1 {[%emt 0:01:04]} Rag2+ {[%emt 0:00:04]} 59. Kf1 {[%emt 0:00:16]} Rxg3 {[%emt 0:00:14]} 60. Rb5 {[%emt 0:01:00]} Ra3 {[%emt 0:00:13]} 61. Kg1 {[%emt 0:00:23]} Rc2 {[%emt 0:00:08]} 62. Rb1 {[%emt 0:00:18]} Kxd5 {[%emt 0:00:14]} 63. Nf4+ {[%emt 0:00:42]} Ke4 {[%emt 0:00:08]} 64. Ne6 {[%emt 0:00:23]} Rg3+ {[%emt 0:00:43]} 65. Kf1 {[%emt 0:00:37]} Rf3+ {[%emt 0:00:57]} 66. Kg1 {[%emt 0:00:17]} Rff2 {[%emt 0:00:08]} 67. Re1+ {[%emt 0:00:56]} Rce2 {[%emt 0:00:25]} 68. Rd1 {[%emt 0:00:58]} Rg2+ {[%emt 0:00:16]} 69. Kf1 {[%emt 0:00:39]} Ref2+ {[%emt 0:00:45]} 70. Ke1 {[%emt 0:00:12]} Ke3 {[%emt 0:00:22]} 71. Ra1 {[%emt 0:00:54]} Rg1# {[%emt 0:00:04]} 0-1

[Event "WYCC U14 Girls 2019"]
[Site "Mumbai"]
[Date "2019.10.07"]
[Round "7.7"]
[White "Cai, Boheng"]
[Black "Wikar, Martyna"]
[Result "1/2-1/2"]
[WhiteElo "1853"]
[BlackElo "1969"]
[Annotator "NA"]
[PlyCount "95"]
[EventDate "2019.10.02"]
[EventType "swiss"]
[EventCountry "IND"]
[SourceTitle "playchess.com"]
[Source "ChessBase"]
[SourceQuality "1"]
[TimeControl "40/5400+30:1800+30"]

1. d4 Nf6 2. c4 d6 3. Nf3 Nbd7 4. g3 g6 5. Bg2 Bg7 6. O-O O-O 7. Nc3 e5 8. d5 a5 9. e4 Nc5 10. Qc2 Ne8 {E67: King's Indian: Fianchetto: 6...Nbd7} (10... Nh5 11. Be3 f5 12. exf5 Bxf5 13. Qd2 b6 14. Ng5 Nf6 15. Bxc5 bxc5 16. Bh3 Bxh3 17. Nxh3 Qd7 18. Kg2 Qg4 19. f4 Nh5 20. Rae1 exf4 21. Nxf4 Bh6 22. Nce2 Rae8 23. Qxa5 Bxf4 24. Nxf4 Rxe1 {0-1 (24) Golubov,S (2481)-Gupta,A (2637) Abu Dhabi 2016}) 11. Ne1 f5 12. Nd3 Nxd3 13. Qxd3 f4 14. f3 g5 15. g4 $146 ({Predecessor:} 15. Bd2 Nf6 16. Nb5 Rf7 17. Rf2 fxg3 18. hxg3 {1-0 (56) Kulakli,A-Zeytinoglu,N (1928) Kemer 2011}) 15... Qf6 16. h3 Kf7 17. Bd2 h5 18. Kf2 Qg6 19. Ke2 Bd7 20. b3 Rh8 21. Rh1 Bf6 22. a3 Be7 23. Raf1 Qg8 24. Nd1 Nf6 25. Nf2 Qb8 26. a4 Qa7 27. Bc1 Qb6 28. Qc3 c6 29. dxc6 bxc6 30. Ba3 Rab8 31. Rb1 c5 32. Rhd1 Qc7 33. Qd3 Bc6 $17 34. Rd2 Qb7 35. Rbb2 Ne8 36. Qc3 Qc7 37. Ra2 Ng7 38. Bb2 Ne6 39. Qc2 Qb6 40. Rd3 Ba8 41. Ra3 Qb4 42. Ra1 Nd4+ 43. Bxd4 cxd4 44. Rb1 Rhc8 45. Rdd1 hxg4 46. fxg4 Qb6 47. Rdc1 Qd8 48. Qd2 1/2-1/2

[Event "WYCC U14 Girls 2019"]
[Site "Mumbai"]
[Date "2019.10.07"]
[Round "7.8"]
[White "Ghomi, Parnian"]
[Black "Chinnam Vyshnavi"]
[Result "1-0"]
[WhiteElo "1948"]
[BlackElo "1745"]
[Annotator "NA"]
[PlyCount "65"]
[EventDate "2019.10.02"]
[EventType "swiss"]
[EventCountry "IND"]
[SourceTitle "playchess.com"]
[Source "ChessBase"]
[SourceQuality "1"]
[TimeControl "40/5400+30:1800+30"]

1. e4 {[%emt 0:00:00]} e6 {[%emt 0:00:00]} 2. d3 {[%emt 0:00:00]} d5 {[%emt 0:00:10]} 3. Nd2 {[%emt 0:00:00]} Nf6 {[%emt 0:01:19]} 4. Ngf3 {[%emt 0:00:00]} c5 {[%emt 0:01:08]} 5. g3 {[%emt 0:00:00]} Nc6 {[%emt 0:00:17]} 6. Bg2 {[%emt 0:00:07]} Be7 {[%emt 0:00:17]} 7. O-O {[%emt 0:00:10]} O-O {[%emt 0:00:23]} 8. Re1 {[%emt 0:00:37]} b5 {[%emt 0:00:24]} 9. e5 {[%emt 0:01:50]} Nd7 {[%emt 0:00:38]} 10. Nf1 {[%emt 0:00:36]} a5 {[%emt 0:01:05]} 11. h4 {[%emt 0:01:16]} Ba6 {[%emt 0:04:42]} 12. N1h2 {[%emt 0:03:23]} Rc8 {[%emt 0:15:43]} 13. h5 {[%emt 0:04:30]} d4 {[%emt 0:04:12]} (13... h6 $15) 14. Ng4 {[%emt 0:04:23]} c4 {[%emt 0:03:01]} ({Black should try} 14... a4 $14) 15. a3 {[%emt 0:10:52]} Nc5 {[%emt 0:05:14]} 16. Bf1 {[%emt 0:10:46]} Rc7 {[%emt 0:08:20]} 17. Bf4 {[%emt 0:02:56]} Rd7 {[%emt 0:05:50]} (17... cxd3 $11 {remains equal.} 18. Bxd3 h6) 18. Qd2 {[%emt 0:28:24]} Na4 $18 {[%emt 0:12:59]} (18... h6 $11) 19. h6 {[%emt 0:07:23]} c3 {[%emt 0:07:25]} 20. bxc3 {[%emt 0:00:09]} dxc3 {[%emt 0:00:06]} 21. Qc1 {[%emt 0:00:17]} Nd4 {[%emt 0:05:55]} 22. Nxd4 {[%emt 0:00:58]} Rxd4 {[%emt 0:00:11]} 23. hxg7 {[%emt 0:00:15]} Re8 {[%emt 0:00:57]} 24. Qd1 {[%emt 0:02:05]} Kxg7 {[%emt 0:03:43]} 25. Be3 {[%emt 0:01:36]} Rd7 {[%emt 0:02:05]} 26. Bg2 {[%emt 0:03:44]} Bb7 {[%emt 0:02:12]} 27. Bxb7 {[%emt 0:00:27]} Rxb7 {[%emt 0:00:08]} 28. Qf3 {[%emt 0:00:30]} Qd5 {[%emt 0:01:32]} 29. Qf4 {[%emt 0:00:20]} Rg8 {[%emt 0:03:07]} 30. Nf6 {[%emt 0:00:55]} Bxf6 {[%emt 0:04:03]} 31. Qh6+ {[%emt 0:00:05]} Kh8 {[%emt 0:00:22]} 32. Qxf6+ {[%emt 0:00:03]} Rg7 {[%emt 0:00:45]} 33. Bh6 {[%emt 0:00:05]} 1-0

[Event "WYCC U14 Girls 2019"]
[Site "Mumbai"]
[Date "2019.10.07"]
[Round "7.9"]
[White "Ishvi Aggarwal"]
[Black "Velpula Sarayu"]
[Result "0-1"]
[WhiteElo "1935"]
[BlackElo "1717"]
[Annotator "NA"]
[PlyCount "112"]
[EventDate "2019.10.02"]
[EventType "swiss"]
[EventCountry "IND"]
[SourceTitle "playchess.com"]
[Source "ChessBase"]
[SourceQuality "1"]
[TimeControl "40/5400+30:1800+30"]

1. d4 {[%emt 0:00:00]} Nf6 {[%emt 0:00:14]} 2. c4 {[%emt 0:00:00]} g6 {[%emt 0:00:26]} 3. g3 {[%emt 0:00:00]} Bg7 {[%emt 0:00:40]} 4. Bg2 {[%emt 0:00:00]} O-O {[%emt 0:00:28]} 5. Nc3 {[%emt 0:00:00]} d6 {[%emt 0:00:44]} 6. Nf3 {[%emt 0:00:00]} c6 {[%emt 0:00:48]} 7. O-O {[%emt 0:00:00]} Qa5 {[%emt 0:01:03]} 8. e4 {[%emt 0:00:01]} Bg4 {[%emt 0:01:26]} 9. Be3 {[%emt 0:02:25] E62: King's Indian: Fianchetto: 6...c6 and Panno Variation (6...Nc6) without ...a6} (9. h3 Bxf3 10. Bxf3 Nbd7 11. Be3 c5 12. Rc1 cxd4 13. Bxd4 Bh6 14. Bxf6 Nxf6 15. Rc2 Rac8 16. b3 Rfe8 17. Qe2 Nd7 18. e5 Nxe5 19. Bxb7 Rc7 {½-½ (122) Cordova,E (2597)-Gabuzyan,H (2605) Burlingame 2019}) 9... Qh5 {[%emt 0:01:29]} 10. Bf4 {[%emt 0:07:28]} e5 {[%emt 0:07:34]} 11. Be3 $146 {[%emt 0:10:01]} ({Predecessor:} 11. dxe5 dxe5 12. Bc1 Na6 13. Qe2 h6 14. Qe3 Be6 15. b3 Nb4 16. Qe2 Rfd8 {½-½ (41) Hoffmann,H (2195)-Gerstenberger,H (2215) Wuerttemberg 1996}) 11... h6 {[%emt 0:15:02]} 12. Qe2 {[%emt 0:11:35]} Nh7 {[%emt 0:06:56]} 13. dxe5 {[%emt 0:04:15]} dxe5 {[%emt 0:00:15]} 14. c5 {[%emt 0:16:40]} Kh8 {[%emt 0:02:12]} 15. Bc1 {[%emt 0:10:22]} Nd7 {[%emt 0:09:30]} 16. Nd1 {[%emt 0:10:40]} Nxc5 {[%emt 0:16:11]} 17. Ne3 {[%emt 0:00:55]} Bh3 {[%emt 0:06:04]} 18. Qc4 {[%emt 0:03:57]} Ne6 {[%emt 0:02:06]} 19. b3 {[%emt 0:06:35]} Bxg2 {[%emt 0:06:31]} 20. Kxg2 {[%emt 0:00:02]} Nf4+ {[%emt 0:00:39]} 21. gxf4 {[%emt 0:01:39]} exf4 {[%emt 0:00:04]} 22. Rb1 {[%emt 0:04:07]} fxe3 {[%emt 0:00:09]} 23. fxe3 {[%emt 0:00:02]} Qg4+ {[%emt 0:00:54]} 24. Kh1 {[%emt 0:01:12]} Rae8 {[%emt 0:00:45]} 25. Ba3 {[%emt 0:01:08]} Rg8 {[%emt 0:01:16]} 26. e5 {[%emt 0:03:29]} Qxc4 {[%emt 0:07:39]} 27. bxc4 {[%emt 0:00:01]} b6 {[%emt 0:00:06]} 28. c5 {[%emt 0:01:06]} Bf8 {[%emt 0:00:33]} 29. Nd4 {[%emt 0:01:08]} Rxe5 {[%emt 0:03:11]} 30. Nxc6 {[%emt 0:01:28]} Rxe3 {[%emt 0:00:04]} 31. Bb2+ {[%emt 0:02:21]} f6 {[%emt 0:01:43]} 32. cxb6 {[%emt 0:00:17]} axb6 {[%emt 0:00:05]} 33. Bd4 Ra3 {[%emt 0:02:24]} 34. Rxb6 {[%emt 0:02:04]} Rxa2 {[%emt 0:00:17]} 35. Bxf6+ {[%emt 0:00:47]} Nxf6 {[%emt 0:00:04]} 36. Rxf6 {[%emt 0:00:03]} Bc5 {[%emt 0:01:02]} 37. Rb7 {[%emt 0:00:32]} Re8 {[%emt 0:00:52]} 38. Rb8 {[%emt 0:00:57]} Rxb8 {[%emt 0:01:28]} 39. Nxb8 {[%emt 0:00:01]} Kg7 {[%emt 0:00:31]} 40. Rc6 {[%emt 0:00:12]} Be3 {[%emt 0:00:40]} 41. Rc7+ {[%emt 0:31:48]} Kf6 $17 {[%emt 0:31:24]} 42. Nd7+ {[%emt 0:00:00]} Kf5 {[%emt 0:00:00]} 43. Rc6 {[%emt 0:00:00]} Bf4 {[%emt 0:00:00]} 44. Rf6+ {[%emt 0:00:00]} Kg4 {[%emt 0:00:00]} 45. Rxg6+ {[%emt 0:00:00]} Kf3 {[%emt 0:00:00]} 46. Nb6 {[%emt 0:00:00]} Rxh2+ {[%emt 0:00:00]} 47. Kg1 {[%emt 0:00:00]} Rb2 {[%emt 0:00:00]} 48. Kh1 {[%emt 0:00:00]} Rb1+ {[%emt 0:00:00]} 49. Rg1 {[%emt 0:00:00]} Rxb6 {[%emt 0:00:00]} 50. Rf1+ {[%emt 0:00:00]} Kg4 {[%emt 0:00:00]} 51. Kg2 {[%emt 0:00:00]} h5 {[%emt 0:00:00]} 52. Rf2 {[%emt 0:00:00]} h4 {[%emt 0:00:00]} 53. Rf1 {[%emt 0:00:59]} Rb2+ {[%emt 0:00:00]} 54. Kg1 {[%emt 0:01:11]} Be3+ {[%emt 0:00:00]} 55. Kh1 {[%emt 0:00:11]} Re2 {[%emt 0:00:00]} 56. Ra1 {[%emt 0:00:46]} Kh3 {[%emt 0:00:00]} 0-1

[Event "WYCC U14 Girls 2019"]
[Site "Mumbai"]
[Date "2019.10.07"]
[Round "7.10"]
[White "Renganayaki V"]
[Black "Lhotska, Anna"]
[Result "1/2-1/2"]
[WhiteElo "1641"]
[BlackElo "1897"]
[Annotator "NA"]
[PlyCount "105"]
[EventDate "2019.10.02"]
[EventType "swiss"]
[EventCountry "IND"]
[SourceTitle "playchess.com"]
[Source "ChessBase"]
[SourceQuality "1"]
[TimeControl "40/5400+30:1800+30"]

1. d4 {[%emt 0:00:00]} Nf6 {[%emt 0:00:00]} 2. c4 {[%emt 0:00:00]} e6 {[%emt 0:00:00]} 3. Nf3 {[%emt 0:00:00]} b6 {[%emt 0:00:00]} 4. g3 {[%emt 0:00:00]} Bb7 {[%emt 0:00:09]} 5. Bg2 {[%emt 0:00:00]} Be7 {[%emt 0:00:10]} 6. O-O {[%emt 0:00:01]} O-O {[%emt 0:00:09]} 7. Nc3 {[%emt 0:00:07]} Ne4 {[%emt 0:00:22]} 8. Qc2 {[%emt 0:01:58]} Nxc3 {[%emt 0:00:16]} 9. Qxc3 {[%emt 0:00:08]} c5 {[%emt 0:00:54]} 10. Qd3 {[%emt 0:01:50]} d6 {[%emt 0:05:03] E19: Queen's Indian: Old Main Line with 7...Ne4 8 Qc2 Nxc3 8 Qxc3} (10... Nc6 11. dxc5 bxc5 12. Rd1 d6 13. Bd2 a5 14. Bc3 Qb6 15. h4 h6 16. Qd2 e5 17. Nh2 f5 18. Nf1 f4 19. Qd3 Nd4 20. Bxb7 Qxb7 {0-1 (28) Iskandarov,M (2403)-Abasov,N (2516) Baku 2014}) 11. Ng5 {[%emt 0:01:55]} Bxg5 {[%emt 0:06:11]} 12. Bxg5 $2 $146 {[%emt 0:04:40]} ({Predecessor:} 12. Bxb7 $18 Bxc1 13. Raxc1 (13. Bxa8 Bxb2 {[%mdl 64] Double Attack} 14. Rab1 Bxd4 $14) 13... Nd7 14. Bxa8 Qxa8 15. dxc5 Nxc5 16. Qxd6 Qe4 17. b4 Na4 18. Qd7 Nb2 19. c5 Qxe2 20. c6 Qb5 21. Qd6 Nc4 22. Qd3 {1-0 (22) Andersson,T (2314)-Johansson,L (2279) Falun 2012}) 12... Qc7 {[%emt 0:02:21]} 13. d5 {[%emt 0:05:01]} e5 {[%emt 0:02:53]} 14. Be4 {[%emt 0:01:05]} h6 {[%emt 0:01:32]} 15. Bd2 {[%emt 0:00:41]} Nd7 {[%emt 0:07:01]} 16. f4 {[%emt 0:03:33]} (16. a4 $16) 16... a6 {[%emt 0:08:36]} 17. Bf5 {[%emt 0:11:12]} Rfe8 {[%emt 0:22:14]} 18. Bc3 {[%emt 0:03:58]} b5 {[%emt 0:03:11]} 19. b3 {[%emt 0:03:56]} Re7 {[%emt 0:04:53]} 20. Rf2 {[%emt 0:05:16]} Rae8 {[%emt 0:03:32]} 21. e4 {[%emt 0:02:06]} b4 {[%emt 0:05:09]} 22. Bb2 {[%emt 0:01:58]} a5 {[%emt 0:03:10]} 23. Raf1 {[%emt 0:02:52]} Qb8 {[%emt 0:06:53]} 24. Bxd7 {[%emt 0:02:26]} Rxd7 {[%emt 0:00:11]} 25. f5 {[%emt 0:00:14]} f6 {[%emt 0:00:59]} 26. h4 {[%emt 0:00:43]} Kf7 {[%emt 0:05:57]} 27. g4 {[%emt 0:02:08]} Ke7 {[%emt 0:02:04]} 28. Rg2 {[%emt 0:04:13]} Rdd8 {[%emt 0:04:40]} 29. Rf3 {[%emt 0:02:46]} Kd7 {[%emt 0:00:38]} 30. Rfg3 {[%emt 0:00:25]} Kc7 {[%emt 0:00:56]} 31. g5 {[%emt 0:01:31]} hxg5 {[%emt 0:00:22]} 32. hxg5 {[%emt 0:00:01]} Rd7 {[%emt 0:03:31]} 33. gxf6 {[%emt 0:02:06]} gxf6 {[%emt 0:00:06]} 34. Rg6 {[%emt 0:00:02]} Rf7 {[%emt 0:00:39]} 35. Qg3 {[%emt 0:01:00]} Qd8 {[%emt 0:00:54]} 36. Bc1 {[%emt 0:00:48]} Bc8 {[%emt 0:00:19]} 37. Bh6 {[%emt 0:00:40]} Rh8 {[%emt 0:01:16]} 38. Rg7 {[%emt 0:06:17]} Qe8 {[%emt 0:00:44]} 39. Qg6 {[%emt 0:02:36]} Rhf8 {[%emt 0:00:33]} 40. Qxf6 {[%emt 0:12:11]} Bd7 {[%emt 0:00:33]} 41. Qg6 {[%emt 0:39:32]} Rxg7 {[%emt 0:08:55]} 42. Qxg7 {[%emt 0:00:00]} Rf7 {[%emt 0:00:45]} 43. Qg6 {[%emt 0:00:00]} Qe7 {[%emt 0:02:06]} 44. Bg5 {[%emt 0:00:00]} Qf8 {[%emt 0:00:31]} 45. Bh6 $11 {[%emt 0:00:00]} (45. Kf1 $18) 45... Qe7 {[%emt 0:00:42]} 46. Bg5 {[%emt 0:00:00]} Qf8 {[%emt 0:00:31]} 47. f6 {[%emt 0:00:00]} Be8 {[%emt 0:03:03]} 48. Qf5 {[%emt 0:00:00]} Bd7 {[%emt 0:00:24]} 49. Qf2 {[%emt 0:00:00]} Qh8 {[%emt 0:01:16]} 50. Rh2 {[%emt 0:00:00]} Qg8 {[%emt 0:00:06]} 51. Rg2 {[%emt 0:00:00]} Qh7 {[%emt 0:00:19]} 52. Qh4 {[%emt 0:00:00]} Qg6 {[%emt 0:01:06]} 53. Qe1 1/2-1/2

[Event "WYCC U14 Girls 2019"]
[Site "Mumbai"]
[Date "2019.10.07"]
[Round "7.11"]
[White "Poliakova, Varvara"]
[Black "Bhagyashree Patil"]
[Result "1-0"]
[WhiteElo "2042"]
[BlackElo "1802"]
[Annotator "NA RC"]
[PlyCount "71"]
[EventDate "2019.10.02"]
[EventType "swiss"]
[EventCountry "IND"]
[SourceTitle "playchess.com"]
[Source "ChessBase"]
[SourceQuality "1"]
[TimeControl "40/5400+30:1800+30"]

1. e4 e5 2. Nf3 Nc6 3. Bb5 a6 4. Ba4 Nf6 5. O-O Be7 6. Re1 b5 7. Bb3 d6 8. c3 O-O 9. h3 Na5 10. Bc2 c5 11. d4 Qc7 12. d5 c4 13. b4 cxb3 {C97: Closed Ruy Lopez: Chigorin Defence: 11 d4 Qc7, sidelines} 14. axb3 Bd7 15. Ba3 Bd8 16. Nbd2 Qb8 17. Nf1 (17. b4 Nc4 18. Nxc4 bxc4 19. Ba4 Bb5 20. Bc1 h6 21. Nh4 Bxa4 22. Rxa4 Nxd5 23. exd5 Bxh4 {1-0 (53) Robson,R (2644)-Sevian,S (2615) Saint Louis 2017}) 17... Bb6 18. Ng3 $146 ({Predecessor:} 18. Ne3 Rc8 19. g4 Nb7 20. Bb2 {½-½ (43) Ljubas,A (2099)-Dumpor,A (2399) Omis 2007}) 18... g6 19. Qd2 Ne8 20. h4 f6 21. h5 Rf7 22. hxg6 hxg6 23. Nh4 Rg7 24. Qh6 Kf7 $18 (24... Rh7 $11 25. Qxg6+ Rg7) 25. Bd1 Nc7 26. Bxd6 Qg8 27. Qd2 Rh7 28. Nf3 Nb7 29. Ba3 a5 30. Be2 Qg7 31. d6 Ne6 32. Qd5 Rb8 33. Bxb5 Nbc5 34. Bxc5 Bxb5 35. Bxb6 Rxb6 36. Rxa5 1-0

[Event "WYCC U14 Girls 2019"]
[Site "Mumbai"]
[Date "2019.10.07"]
[Round "7.12"]
[White "Ray, Hiya"]
[Black "Omonova, Umida"]
[Result "0-1"]
[WhiteElo "1596"]
[BlackElo "2078"]
[Annotator "NA"]
[PlyCount "122"]
[EventDate "2019.10.02"]
[EventType "swiss"]
[EventCountry "IND"]
[SourceTitle "playchess.com"]
[Source "ChessBase"]
[SourceQuality "1"]
[TimeControl "40/5400+30:1800+30"]

1. d4 {[%emt 0:00:00]} Nf6 {[%emt 0:00:42]} 2. c4 {[%emt 0:00:00]} e5 {[%emt 0:02:30]} 3. dxe5 {[%emt 0:00:11]} Ng4 {[%emt 0:03:48]} 4. Bf4 {[%emt 0:00:19]} Nc6 {[%emt 0:00:26]} 5. Nf3 {[%emt 0:00:31]} Bb4+ {[%emt 0:00:23]} 6. Nbd2 {[%emt 0:01:10]} Qe7 {[%emt 0:00:10]} 7. e3 {[%emt 0:00:28]} Ngxe5 {[%emt 0:00:36]} 8. Nxe5 {[%emt 0:01:42]} Nxe5 {[%emt 0:00:43]} 9. Be2 {[%emt 0:00:24]} O-O {[%emt 0:00:39]} 10. O-O {[%emt 0:00:07]} Ng6 {[%emt 0:06:16]} 11. Bg3 {[%emt 0:02:34]} Bd6 {[%emt 0:01:10]} 12. Bxd6 {[%emt 0:04:43]} Qxd6 {[%emt 0:00:17]} 13. Nb3 {[%emt 0:00:12] A52: Budapest Gambit} Qe7 {[%emt 0:00:06]} 14. Nd4 $146 {[%emt 0:01:48]} ({Predecessor:} 14. c5 Rd8 15. Rc1 d6 16. c6 b6 17. Nd4 Rf8 18. Rc3 Nh4 19. f4 a5 20. Qd2 g6 {½-½ (58) Belakovskaia,A (2315)-Blatny,P (2515) New York 1996}) 14... d6 {[%emt 0:01:15]} 15. Bg4 {[%emt 0:00:35]} Ne5 {[%emt 0:01:51]} 16. Bxc8 {[%emt 0:01:04]} Raxc8 {[%emt 0:00:19]} 17. Qe2 {[%emt 0:00:24]} f5 {[%emt 0:01:52]} 18. Nf3 {[%emt 0:02:30]} Ng6 {[%emt 0:01:01]} 19. Qd2 {[%emt 0:01:51]} Kh8 {[%emt 0:01:22]} 20. Rfe1 {[%emt 0:02:00]} Rce8 {[%emt 0:02:38]} 21. Qd4 {[%emt 0:00:53]} b6 {[%emt 0:00:47]} 22. Rad1 {[%emt 0:01:05]} a5 {[%emt 0:03:09]} 23. a3 {[%emt 0:01:45]} Rf6 {[%emt 0:03:15]} 24. b4 {[%emt 0:05:28]} axb4 {[%emt 0:00:43]} 25. axb4 {[%emt 0:00:04]} Re6 {[%emt 0:03:44]} 26. Qc3 {[%emt 0:00:46]} h6 {[%emt 0:16:27]} 27. Nd4 {[%emt 0:01:54]} Rf6 {[%emt 0:00:25]} 28. Rc1 {[%emt 0:06:10]} Ne5 $11 {[%emt 0:02:54]} 29. c5 {[%emt 0:00:47]} bxc5 {[%emt 0:00:23]} 30. bxc5 {[%emt 0:00:08]} dxc5 {[%emt 0:00:13]} 31. Qxc5 {[%emt 0:00:19]} Qxc5 {[%emt 0:00:05]} 32. Rxc5 {[%emt 0:00:09]} Nd3 {[%emt 0:00:08]} 33. Rec1 {[%emt 0:00:22]} Nxc5 {[%emt 0:00:46]} 34. Rxc5 {[%emt 0:00:05]} f4 {[%emt 0:00:09]} 35. Rxc7 {[%emt 0:01:29]} fxe3 {[%emt 0:00:05]} 36. fxe3 {[%emt 0:00:08]} Rxe3 {[%emt 0:00:14]} 37. h3 {[%emt 0:00:25]} Rg6 {[%emt 0:00:59]} 38. Kh2 {[%emt 0:00:29]} Re4 {[%emt 0:00:43]} 39. Nf5 {[%emt 0:01:21]} Re2 {[%emt 0:00:26]} 40. Nh4 {[%emt 0:00:21]} Rg5 {[%emt 0:00:10]} 41. Rc8+ {[%emt 0:30:29]} Kh7 {[%emt 0:30:17]} 42. Rc7 {[%emt 0:00:28]} Re4 {[%emt 0:00:37]} 43. Nf3 {[%emt 0:00:15]} Rd5 {[%emt 0:00:13]} 44. Rc2 {[%emt 0:00:49]} Rd6 {[%emt 0:00:12]} 45. Kg3 {[%emt 0:00:23]} g5 {[%emt 0:00:51]} 46. Rc5 {[%emt 0:01:22]} Rg6 {[%emt 0:01:24]} 47. Ne5 {[%emt 0:00:53]} Rg7 {[%emt 0:00:40]} 48. Ng4 {[%emt 0:00:12]} Re6 {[%emt 0:00:09]} 49. Ne5 {[%emt 0:03:24]} h5 {[%emt 0:01:36]} 50. Nf3 {[%emt 0:00:06]} Kh6 {[%emt 0:00:18]} 51. Rc8 {[%emt 0:00:25]} h4+ {[%emt 0:06:23]} 52. Kh2 {[%emt 0:01:00]} Re2 {[%emt 0:02:00]} 53. Nd4 {[%emt 0:00:36]} Rf2 {[%emt 0:01:06]} 54. Ne6 {[%emt 0:01:00]} Re7 {[%emt 0:00:45]} 55. Rh8+ {[%emt 0:00:32]} Kg6 {[%emt 0:00:10]} 56. Nd4 {[%emt 0:00:44]} Re4 {[%emt 0:00:45]} 57. Nf3 {[%emt 0:00:04]} Ree2 {[%emt 0:00:32]} 58. Nd4 {[%emt 0:04:10]} Rxg2+ {[%emt 0:00:24]} 59. Kh1 {[%emt 0:00:03]} Rh2+ {[%emt 0:00:07]} 60. Kg1 {[%emt 0:00:13]} Reg2+ {[%emt 0:00:01]} 61. Kf1 {[%emt 0:00:29]} Rb2 {[%emt 0:00:06]} 0-1